[Event "Quebec CC ch"]
[Site "Quebec"]
[Date "1983.11.20"]
[Round "10"]
[White "Berube, Richard"]
[Black "Cauchon, Andre"]
[Result "1-0"]
[WhiteElo "2002"]
[BlackElo "1514"]
[PlyCount "53"]
[EventDate "1983.10.19"]
[EventType "swiss"]
[EventRounds "13"]
[EventCountry "CAN"]
[SourceTitle "EXT 2022"]
[Source "ChessBase"]
[SourceDate "2021.10.06"]
[SourceVersion "1"]
[SourceVersionDate "2021.10.06"]
[SourceQuality "1"]

1. e4 e6 2. d4 d5 3. Nc3 Bb4 4. e5 c5 5. a3 Bxc3+ 6. bxc3 Nc6 7. Qg4 Nge7 8. Qxg7 Rg8 9. Qxh7 cxd4 10. f4 dxc3 11. Qd3 d4 12. Ne2 b6 13. Ng3 Bb7 14. Ne4 Nf5 15. g4 Qh4+ 16. Kd1 Qxg4+ 17. Be2 Qg6 18. Nf6+ Kf8 19. Nxg8 Nxe5 20. fxe5 Bxh1 21. Nf6 Qg1+ 22. Bf1 Bg2 23. Ke1 Nh4 24. Bh6+ Ke7 25. Nh5 Rg8 26. Bf4 Nf3+ 27. Ke2 1-0